Central-Library-PUMHS

Online Public Access Catalogue

Welcome to PUMHS Central Library Nawabshah, SBA

Community as partner: theory and practice in nursing (Record no. 37808)

000 -LEADER
fixed length control field 00298nam a22001337a 4500
082 ## - DEWEY DECIMAL CLASSIFICATION NUMBER
Classification number 610.73 ELI
100 ## - MAIN ENTRY--AUTHOR NAME
Personal name Anderson Elizabath
245 ## - TITLE STATEMENT
Title Community as partner: theory and practice in nursing
250 ## - EDITION STATEMENT
Edition statement 8th Edition
260 ## - PUBLICATION, DISTRIBUTION, ETC. (IMPRINT)
Year of publication 2019
300 ## - PHYSICAL DESCRIPTION
Number of Pages 394
650 ## - SUBJECT ADDED ENTRY--TOPICAL TERM
Topical Term Nursing
942 ## - ADDED ENTRY ELEMENTS (KOHA)
Koha item type Books
Holdings
Withdrawn status Lost status Permanent Location Current Location Shelving location Date acquired Source of acquisition Cost, normal purchase price Full call number Accession Number Koha item type
    Central Library New Campus PUMHS Nawabshah,(SBA) Central Library New Campus PUMHS Nawabshah,(SBA) Nursing Library 2026-03-02 M/S New Noble Bill No: 101 NNB , Date: 05/06/2025 744.60 610.73 ELI 41055 Ref Books
    Central Library New Campus PUMHS Nawabshah,(SBA) Central Library New Campus PUMHS Nawabshah,(SBA) Nursing Library 2026-03-02 M/S New Noble Bill No: 101 NNB , Date: 05/06/2025 744.60 610.73 ELI 41056 Ref Books
    Central Library New Campus PUMHS Nawabshah,(SBA) Central Library New Campus PUMHS Nawabshah,(SBA) Nursing Library 2026-03-02 M/S New Noble Bill No: 101 NNB , Date: 05/06/2025 744.60 610.73 ELI 41057 Ref Books
    Central Library New Campus PUMHS Nawabshah,(SBA) Central Library New Campus PUMHS Nawabshah,(SBA) Nursing Library 2026-03-02 M/S New Noble Bill No: 101 NNB , Date: 05/06/2025 744.60 610.73 ELI 41058 Ref Books
    Central Library New Campus PUMHS Nawabshah,(SBA) Central Library New Campus PUMHS Nawabshah,(SBA) Nursing Library 2026-03-02 M/S New Noble Bill No: 101 NNB , Date: 05/06/2025 744.60 610.73 ELI 41059 Ref Books

Copyright © 2018,The PUMHSW, Nawabshah, Shaheed Benazirabad. All rights reserved
Mr. Abdul Sattar Mahar (Chief Librarian) PUMHSW, Nawabshah, Sindh, Pakistan 67480.
Ph#: | 0244-9370425 Ext. 2241 Email| librarian@pumhs.edu.pk Web| http://www.pumhs.edu.pk
سنڌي ڪي بورڊ